| 000 | 00711nam a2200181Ia 4500 | ||
|---|---|---|---|
| 003 | IN-BaIIA | ||
| 008 | 211028s9999 xx 000 0 eng d | ||
| 040 | _cIIA Library | ||
| 080 |
_a515.5 _bISR |
||
| 110 |
_aIndian Space Research Organisation _922242 |
||
| 111 |
_aNational Space Science Symposium _cIndia _d1982 Feb. 3-6 _922243 |
||
| 245 | 0 |
_aCompilation of abstracts of contributed papers- Ionosphere and magnetosphere _bvol. 2, National Space Science Symposium held in Bangalore, India, 3-6, Ferbruary 1982 _cIndian Space Research Organisation |
|
| 260 |
_aBangalore _bHAL Printing Press _c1982 |
||
| 300 | _a170-365p | ||
| 650 |
_aIonosphere, magnetosphere _922244 |
||
| 710 |
_aISRO _922245 |
||
| 942 | _cBK | ||
| 999 |
_c12701 _d12701 |
||